<?xml version="1.0" encoding="UTF-8"?>
<record
    xmlns:xsi="http://www.w3.org/2001/XMLSchema-instance"
    xsi:schemaLocation="http://www.loc.gov/MARC21/slim http://www.loc.gov/standards/marcxml/schema/MARC21slim.xsd"
    xmlns="http://www.loc.gov/MARC21/slim">

  <leader>00380nam a2200145   4500</leader>
  <controlfield tag="008">251103b        |||||||| |||| 00| 0 eng d</controlfield>
  <datafield tag="020" ind1=" " ind2=" ">
    <subfield code="a">9781529669992</subfield>
  </datafield>
  <datafield tag="082" ind1=" " ind2=" ">
    <subfield code="a">745.207 MUR </subfield>
  </datafield>
  <datafield tag="100" ind1=" " ind2=" ">
    <subfield code="a">Muratovski, Gjoko.</subfield>
  </datafield>
  <datafield tag="245" ind1=" " ind2=" ">
    <subfield code="a">Research for Designers: A Guide to methods and practice </subfield>
  </datafield>
  <datafield tag="250" ind1=" " ind2=" ">
    <subfield code="a">3rd Edi. </subfield>
  </datafield>
  <datafield tag="260" ind1=" " ind2=" ">
    <subfield code="a">London </subfield>
    <subfield code="b">Sage</subfield>
    <subfield code="c">2025</subfield>
  </datafield>
  <datafield tag="300" ind1=" " ind2=" ">
    <subfield code="a">363</subfield>
  </datafield>
  <datafield tag="942" ind1=" " ind2=" ">
    <subfield code="2">ddc</subfield>
    <subfield code="c">C</subfield>
  </datafield>
  <datafield tag="952" ind1=" " ind2=" ">
    <subfield code="0">0</subfield>
    <subfield code="1">0</subfield>
    <subfield code="2">ddc</subfield>
    <subfield code="4">0</subfield>
    <subfield code="6">745_207000000000000_MUR</subfield>
    <subfield code="7">0</subfield>
    <subfield code="9">88567</subfield>
    <subfield code="a">SDDTM</subfield>
    <subfield code="b">SDDTM</subfield>
    <subfield code="d">2025-11-03</subfield>
    <subfield code="g">4464.00</subfield>
    <subfield code="l">0</subfield>
    <subfield code="o">745.207 MUR</subfield>
    <subfield code="p">DD396</subfield>
    <subfield code="r">2025-11-03</subfield>
    <subfield code="y">R</subfield>
    <subfield code="z">Rack No.R14 Shelf No.14</subfield>
  </datafield>
  <datafield tag="952" ind1=" " ind2=" ">
    <subfield code="0">0</subfield>
    <subfield code="1">0</subfield>
    <subfield code="2">ddc</subfield>
    <subfield code="4">0</subfield>
    <subfield code="6">745_207000000000000_MUR</subfield>
    <subfield code="7">0</subfield>
    <subfield code="9">88568</subfield>
    <subfield code="a">SDDTM</subfield>
    <subfield code="b">SDDTM</subfield>
    <subfield code="d">2025-11-03</subfield>
    <subfield code="g">4464.00</subfield>
    <subfield code="l">0</subfield>
    <subfield code="o">745.207 MUR</subfield>
    <subfield code="p">DD397</subfield>
    <subfield code="r">2025-11-03</subfield>
    <subfield code="y">CR</subfield>
    <subfield code="z">Rack No.C11 Shelf No.13</subfield>
  </datafield>
  <datafield tag="999" ind1=" " ind2=" ">
    <subfield code="c">63956</subfield>
    <subfield code="d">63956</subfield>
  </datafield>
</record>
